| 000 | 00550nam a2200205 a 4500 | ||
|---|---|---|---|
| 001 | 9847 | ||
| 003 | CO-ViMGA | ||
| 008 | 141112s2004 ck r 000 u spa d | ||
| 040 |
_aCO-ViMGA _bspa _cCO-ViMGA |
||
| 082 | 0 | 4 | _aCo863.6 S15a6 |
| 100 | 1 |
_aSánchez Suárez ; Benhur, _911755 |
|
| 245 | 1 | 0 | _aAsi es la Vida Amor Mio |
| 300 | _a125p. | ||
| 500 | _apág. : Bogotá : Thalassa, 1996 | ||
| 650 | 1 | 4 |
_aCOSTUMBRES _911756 |
| 650 | 1 | 4 |
_aHUILA(COLOMBIA) _911757 |
| 650 | 1 | 4 |
_aNOVELA COLOMBIANA _91193 |
| 650 | 1 | 4 |
_aVIDA SOCIAL _911758 |
| 942 |
_2ddc _cBK |
||
| 999 |
_c21229 _d21229 |
||